Fraude fiscal e branqueamiento de capitais

Detalles Bibliográficos
Autor principal: Marques Gonȧlves, Rui Miguel
Formato: Desconocido
Lenguaje:portugués
Publicado: Porto : Elcla, 2008
Materias:
Acceso en línea:Acceso restringido

MARC

LEADER 00000ny a22000003n 4500
005 20110616120115.0
008 080821s2008 po s 000 0 por d
020 |a 972749157X 
035 |a 2154 
040 |a UMA.RE  |d vLex 
080 |a 336.04(469)(0.034):004 
080 |a 343.359(469)(0.034):004 
090 |c 760  |d 760 
100 1 |a Marques Gonȧlves, Rui Miguel 
245 1 0 |a Fraude fiscal e branqueamiento de capitais  |h [Recurso electrn̤ico]  |c Rui Miguel Marques Gonȧlves 
256 |a Servicio en ln̕ea 
260 |a Porto :  |b Elcla,  |c 2008 
506 1 |a Contenido solo disponible en los productos indicados  |d vLex Global  |d vLex Global (Academic Edition, excluding Law Schools)  |d vLex Global (U.S. Academic Edition, Law Schools)  |d vLex Global (U.S. Academic Edition, excluding Law Schools)  |d vLex Global (Academic Edition, Law Schools) 
650 0 4 |a Blanqueo de dinero  |z Portugal 
740 0 |a vLex Libros (Servicios en ln̕ea) 
856 4 0 |u http://vlex.com/source/2154  |z Acceso restringido 
942 |c BOOK 
999 0 4 |a Money laundering  |b Portugal 
999 0 4 |a Fraude fiscal  |z Portugal  |v En ln̕ea